Vista normal
Vista MARC
Entrada Materia (personas)
Número de registros utilizados en: 1
001 - CONTROL NUMBER
- control field: 37052
003 - CONTROL NUMBER IDENTIFIER
- control field: Co-BoUCM
005 - DATE AND TIME OF LATEST TRANSACTION
- control field: 20130509094504.0
008 - FIXED-LENGTH DATA ELEMENTS
- fixed length control field: 130509|| aca||aabn | a|a d
040 ## - CATALOGING SOURCE
- Original cataloging agency: Co-BoUCM
- Transcribing agency: Co-BoUCM
100 ## - HEADING--PERSONAL NAME
- Personal name: García Borrón, Juan Carlos
- Relator term: traductor
670 ## - SOURCE DATA FOUND
- Source citation: Work cat.: (Co-BoUCM)166546: Descartes, René 1596-1650 37050, El discurso del método , 1974